Natural rubber: Collection and processing (Record no. 63668)

MARC details
000 -LEADER
fixed length control field 00360nam a2200109Ia 4500
100 ## - MAIN ENTRY--AUTHOR NAME
Personal name Thomas K T
245 #0 - TITLE STATEMENT
Title Natural rubber: Collection and processing
260 ## - PUBLICATION, DISTRIBUTION, ETC. (IMPRINT)
Name of publisher In: Harvest and Post Harvest Technology of Plantation Crops, 1998, CPCRI, Kasaragog, Kerala, pp.114-120
Year of publication 1998
856 ## - ELECTRONIC LOCATION AND ACCESS
Uniform Resource Identifier Reprt
942 ## - ADDED ENTRY ELEMENTS (KOHA)
Koha item type Journals
Holdings
Withdrawn status Lost status Damaged status Not for loan Home library Current library Shelving location Date acquired Koha item type
      Journals RRII Library RRII Library Rubber chemistry 17/12/2021 Journals